000 00316nam a22001337a 4500
008 210518b ||||| |||| 00| 0 eng d
041 _aeng
080 _a53
082 _a53
100 _a43
101 _aFIZ
245 _aThe Wonders of Physics An Introduction to the Physical World
_cAdler,I
942 _2udc
_cBK
999 _c57424
_d57424